Statistické přehledy

Guardado en:
Detalles Bibliográficos
Formato: Seriadas
Lenguaje:inglés
Publicado: Praha Český statistický úřad 2001
Materias:
Etiquetas: Agregar Etiqueta
Sin Etiquetas, Sea el primero en etiquetar este registro!

MARC

LEADER 00000nas2a22000001 4500
001 0007313
005 20160720112016.8
022 |a 0322-7537 
041 0 |a eng 
044 |a CZ 
245 1 0 |a Statistické přehledy 
264 1 |a Praha  |b Český statistický úřad  |c 2001 
300 |a 2 zv. 
773 0 |w eu_un_cat*s120235 
610 2 0 |a štatistika 
610 2 0 |a údaje štatistické 
610 2 0 |a ukazovatele NH